Reflexiones sobre el sistema financiero chileno : un recorrido por las últimas dos décadas /
Saved in:
| Main Author: | |
|---|---|
| Format: | Electronic eBook |
| Language: | Spanish |
| Published: |
Valparaíso, [Chile] :
Ediciones Universitarias de Valparaíso, Pontificia Universidad Católica de Valparaíso,
[2020]
|
| Subjects: | |
| Online Access: | Digitalia Hispánica |
| Tags: |
Add Tag
No Tags, Be the first to tag this record!
|
MARC
| LEADER | 00000nam a2200000Ii 4500 | ||
|---|---|---|---|
| 001 | DIGUNIVALP0001 | ||
| 003 | NyNyDIG | ||
| 006 | m o d | ||
| 007 | cr ||||||||||| | ||
| 008 | 220512s2020 cl a o 000 0 spa d | ||
| 035 | |a (OCoLC)1181996819 | ||
| 040 | |a DGITA |b eng |e rda |e pn |c DGITA | ||
| 020 | |a 9789561708907 |q eBook |q ePub | ||
| 020 | |z 9789561708693 | ||
| 043 | |a s-cl--- | ||
| 050 | 1 | 4 | |a HB123.C53 ebook |
| 082 | 0 | 4 | |a 330.0983 |
| 100 | 1 | |a Marshall River, Enrique, |e author. | |
| 245 | 1 | 0 | |a Reflexiones sobre el sistema financiero chileno : |b un recorrido por las últimas dos décadas / |c Enrique Marshall Rivera. |
| 264 | 1 | |a Valparaíso, [Chile] : |b Ediciones Universitarias de Valparaíso, Pontificia Universidad Católica de Valparaíso, |c [2020] | |
| 300 | |a 1 online resource : |b illustrations. | ||
| 336 | |a text |b txt |2 rdacontent | ||
| 337 | |a computer |b c |2 rdamedia | ||
| 338 | |a online resource |b cr |2 rdacarrier | ||
| 347 | |a text file |2 rdaft | ||
| 347 | |b EPUB | ||
| 588 | 0 | |a Online resource; title from ePub title page (Digitalia, viewed May 12, 2022) | |
| 600 | 1 | 0 | |a Marshall River, Enrique. |
| 650 | 0 | |a Economists |z Chile |v Biography. | |
| 650 | 0 | |a Banks and banking |z Chile |x History. | |
| 651 | 0 | |a Chile |x Economic conditions |x History. | |
| 655 | 0 | |a Electronic books. | |
| 791 | 2 | |a Digitalia (Firm), |e distributor. | |
| 793 | 0 | |g Digitalia eBook Collection: |a Ediciones Universitarias de Valparaíso | |
| 776 | 0 | 8 | |i Print version: |a Marshall River, Enrique. |t Reflexiones sobre el sistema financiero chileno. |d Valparaíso, [Chile] : Ediciones Universitarias de Valparaíso, Pontificia Universidad Católica de Valparaíso, [2020] |z 9789561708693 |
| 856 | 4 | 0 | |3 Digitalia Hispánica |u https://digitalia.unach.elogim.com/a/68206/ |
| 910 | |a Premium collection: 2022 | ||